[Event "Edmonton Halloween Sectional A"]
[Site "Edmonton CAN"]
[Date "2005.10.28"]
[Round "1"]
[White "Lee, Vicente jr."]
[Black "Gentes, Kevin"]
[Result "0-1"]
[WhiteElo "2287"]
[BlackElo "2323"]
[PlyCount "66"]
[EventDate "2005.10.28"]
[EventType "tourn"]
[EventRounds "5"]
[EventCountry "CAN"]
[WhiteTeam "Canada"]
[BlackTeam "Canada"]
[WhiteTeamCountry "CAN"]
[BlackTeamCountry "CAN"]

1. e4 c5 2. Nf3 d6 3. d4 cxd4 4. Nxd4 Nf6 5. Nc3 a6 6. f3 e6 7. Be3 b5 8. Qd2
Nbd7 9. g4 h6 10. a3 Bb7 11. Rg1 Ne5 12. h4 Nfd7 13. g5 hxg5 14. hxg5 Nb6 15.
b3 Rc8 16. f4 Ned7 17. g6 Qc7 18. gxf7+ Kxf7 19. Nde2 Nf6 20. Qd3 Nbd7 21. e5
dxe5 22. Qg6+ Kg8 23. f5 Qd6 24. Rd1 Qe7 25. fxe6 Qxe6 26. Rxd7 Qxd7 27. Qxf6
Rh1 28. Qg6 Rxg1 29. Qxg1 Bxa3 30. Qg3 Qd6 31. Bh3 Rf8 32. Nb1 Rf3 33. Qh4 Qb4+
0-1

[Event "Edmonton Halloween Sectional A"]
[Site "Edmonton CAN"]
[Date "2005.10.29"]
[Round "2"]
[White "Kazakevich, Anastasia"]
[Black "Lee, Vicente jr."]
[Result "1-0"]
[WhiteElo "2029"]
[BlackElo "2287"]
[PlyCount "81"]
[EventDate "2005.10.28"]
[EventType "tourn"]
[EventRounds "5"]
[EventCountry "CAN"]
[WhiteTeam "Canada"]
[BlackTeam "Canada"]
[WhiteTeamCountry "CAN"]
[BlackTeamCountry "CAN"]

1. d4 c6 2. c4 d5 3. Nc3 Nf6 4. e3 a6 5. cxd5 cxd5 6. Nf3 Nc6 7. a3 Bg4 8. Be2
e6 9. O-O Bd6 10. b4 b5 11. Bb2 O-O 12. Rc1 Qb6 13. Nd2 Bxe2 14. Qxe2 e5 15.
dxe5 Nxe5 16. Rfd1 Nc4 17. Nxd5 Nxd5 18. Nxc4 bxc4 19. Rxd5 Rfd8 20. Qxc4 Bf8
21. Qd4 Qxd4 22. Rxd4 Rxd4 23. Bxd4 a5 24. Bc5 axb4 25. axb4 f6 26. Bxf8 Kxf8
27. b5 Rb8 28. Rb1 Ke7 29. b6 Kd6 30. b7 Kc6 31. e4 Rxb7 32. Rxb7 Kxb7 33. f4
Kc6 34. Kf2 Kc5 35. Ke3 Kc4 36. e5 fxe5 37. fxe5 Kd5 38. Kf4 Ke6 39. Ke4 g6 40.
g3 h6 41. h3 1-0

[Event "Edmonton Halloween Sectional A"]
[Site "Edmonton CAN"]
[Date "2005.10.29"]
[Round "3"]
[White "Lee, Vicente jr."]
[Black "Haessel, Dale"]
[Result "1/2-1/2"]
[WhiteElo "2287"]
[BlackElo "2255"]
[PlyCount "46"]
[EventDate "2005.10.28"]
[EventType "tourn"]
[EventRounds "5"]
[EventCountry "CAN"]
[WhiteTeam "Canada"]
[BlackTeam "Canada"]
[WhiteTeamCountry "CAN"]
[BlackTeamCountry "CAN"]

1. e4 c5 2. Nf3 d6 3. d4 cxd4 4. Nxd4 Nf6 5. Nc3 a6 6. f3 e5 7. Nb3 Be6 8. Be3
Nbd7 9. Qd2 b5 10. O-O-O Nb6 11. Bxb6 Qxb6 12. Kb1 Be7 13. g4 O-O 14. h4 b4 15.
Nd5 Bxd5 16. exd5 a5 17. g5 Nh5 18. Bh3 Nf4 19. Bd7 f6 20. Nc1 Ra7 21. Bc6 Rc8
22. Ne2 Nxe2 23. Qxe2 Qc5 1/2-1/2

[Event "Edmonton Halloween Sectional A"]
[Site "Edmonton CAN"]
[Date "2005.10.30"]
[Round "4"]
[White "Lee, Vicente jr."]
[Black "Li, Zhichao"]
[Result "1/2-1/2"]
[WhiteElo "2287"]
[BlackElo "2198"]
[PlyCount "82"]
[EventDate "2005.10.28"]
[EventType "tourn"]
[EventRounds "5"]
[EventCountry "CAN"]
[WhiteTeam "Canada"]
[BlackTeam "Canada"]
[WhiteTeamCountry "CAN"]
[BlackTeamCountry "CAN"]

1. Nf3 Nf6 2. d4 d5 3. c4 c6 4. Nc3 dxc4 5. a4 Bf5 6. e3 e6 7. Bxc4 Bb4 8. O-O
O-O 9. Qb3 Qe7 10. Nh4 Bg6 11. Nxg6 hxg6 12. f3 a5 13. e4 e5 14. d5 Na6 15. Kh1
Nd7 16. Na2 Nb6 17. Bxa6 Rxa6 18. Nxb4 axb4 19. dxc6 bxc6 20. Be3 Rfa8 21. Bxb6
Rxb6 22. Qc4 b3 23. a5 Qb4 24. Qxb4 Rxb4 25. Rfc1 Rb5 26. Ra3 Raxa5 27. Rxa5
Rxa5 28. h4 c5 29. Rc3 Rb5 30. Kg1 Kf8 31. Kf2 Ke7 32. Ke3 f6 33. Kd3 Kd6 34.
Rc1 Rb4 35. Rc4 Rb7 36. Ra4 Kc6 37. Kc3 Kb5 38. Ra8 Rd7 39. Rb8+ Kc6 40. Rc8+
Kb6 41. Rb8+ Kc6 1/2-1/2

[Event "Edmonton Halloween Sectional A"]
[Site "Edmonton CAN"]
[Date "2005.10.30"]
[Round "5"]
[White "Gardner, Robert"]
[Black "Lee, Vicente jr."]
[Result "1/2-1/2"]
[WhiteElo "2252"]
[BlackElo "2287"]
[PlyCount "32"]
[EventDate "2005.10.28"]
[EventType "tourn"]
[EventRounds "5"]
[EventCountry "CAN"]
[WhiteTeam "Canada"]
[BlackTeam "Canada"]
[WhiteTeamCountry "CAN"]
[BlackTeamCountry "CAN"]

1. f4 d6 2. d4 c6 3. Nf3 Bg4 4. e4 Qb6 5. Be2 Nd7 6. h3 Bxf3 7. Bxf3 e5 8. c3
Be7 9. g3 Bf6 10. fxe5 dxe5 11. d5 Ne7 12. Qe2 O-O 13. Be3 Qc7 14. c4 c5 15.
Nc3 a6 16. O-O-O Qa5 1/2-1/2

[Event "British Columbia op"]
[Site "Vancouver CAN"]
[Date "2005.10.10"]
[Round "5"]
[White "Lee, Vicente jr."]
[Black "Davies, Noam"]
[Result "1-0"]
[WhiteElo "2279"]
[BlackElo "2016"]
[PlyCount "79"]
[EventDate "2005.10.08"]
[EventType "swiss"]
[EventRounds "6"]
[EventCountry "CAN"]

1. e4 c5 2. Nf3 e6 3. c3 d5 4. e5 Nc6 5. d4 Qb6 6. a3 c4 7. Nbd2 Na5 8. g3 f6
9. Bh3 fxe5 10. Nxe5 Nf6 11. O-O Bd6 12. Qe2 O-O 13. Re1 Re8 14. Ndf3 Nb3 15.
Rb1 Qc7 16. Bf4 b5 17. g4 a5 18. g5 Ne4 19. Nh4 Qe7 20. Qh5 Bxe5 21. Bxe5 Qxg5+
22. Qxg5 Nxg5 23. Bg2 Bb7 24. Re3 Re7 25. Rbe1 Nf7 26. Bg3 Ra6 27. Nf3 Rb6 28.
Bh3 Bc8 29. R3e2 h6 30. Nh4 Ng5 31. Bg2 Bb7 32. Ng6 Re8 33. f3 b4 34. h4 Nf7
35. Bh3 bxc3 36. bxc3 Kh7 37. Bxe6 Nd8 38. Bf5 Rxe2 39. Rxe2 Rxg6 40. h5 1-0

[Event "Macskasy mem A"]
[Site "Vancouver CAN"]
[Date "2005.07.30"]
[Round "1.1"]
[White "Berry, Jonathan"]
[Black "Lee, Vicente jr."]
[Result "1/2-1/2"]
[WhiteElo "2311"]
[BlackElo "2305"]
[PlyCount "47"]
[EventDate "2005.07.30"]
[EventType "tourn"]
[EventRounds "5"]
[EventCountry "CAN"]

1. c4 e6 2. Nf3 d5 3. g3 Nf6 4. Bg2 Be7 5. O-O O-O 6. d4 c6 7. Qc2 Nbd7 8. Nbd2
a6 9. e4 dxe4 10. Nxe4 c5 11. Nxc5 Nxc5 12. dxc5 Bxc5 13. Rd1 Qb6 14. h3 h6 15.
b3 Bd7 16. Ne5 Rad8 17. Nxd7 Nxd7 18. b4 Bxb4 19. Rb1 Qa5 20. Bxb7 Nc5 21. Bf3
Rxd1+ 22. Bxd1 Rd8 23. Be3 Bd2 24. Bxc5 1/2-1/2

[Event "Macskasy mem A"]
[Site "Vancouver CAN"]
[Date "2005.07.30"]
[Round "2.1"]
[White "Lee, Vicente jr."]
[Black "Hardy, Justin"]
[Result "0-1"]
[WhiteElo "2305"]
[BlackElo "2082"]
[PlyCount "64"]
[EventDate "2005.07.30"]
[EventType "tourn"]
[EventRounds "5"]
[EventCountry "CAN"]

1. e4 c6 2. d4 d5 3. e5 Bf5 4. Nc3 h5 5. Bd3 Qd7 6. Nf3 Nh6 7. Nh4 Bxd3 8. Qxd3
e6 9. Bg5 c5 10. Ne2 Nc6 11. c3 cxd4 12. cxd4 Bb4+ 13. Nc3 Be7 14. Bxe7 Qxe7
15. g3 g5 16. Nf3 Nf5 17. Nxd5 exd5 18. Qxf5 g4 19. Nh4 Nxd4 20. Qd3 Qxe5+ 21.
Kf1 O-O-O 22. Re1 Qg7 23. Kg2 Ne6 24. b4 Kb8 25. a4 Qf6 26. Nf5 h4 27. a5 h3+
28. Kf1 Rh5 29. Nh4 Ng5 30. Qe3 Ne4 31. b5 Re5 32. Rd1 d4 0-1

[Event "Macskasy mem A"]
[Site "Vancouver CAN"]
[Date "2005.07.31"]
[Round "3.1"]
[White "Pechisker, Alfred"]
[Black "Lee, Vicente jr."]
[Result "1-0"]
[WhiteElo "2226"]
[BlackElo "2305"]
[PlyCount "72"]
[EventDate "2005.07.30"]
[EventType "tourn"]
[EventRounds "5"]
[EventCountry "CAN"]

1. d4 Nf6 2. c4 c5 3. d5 e6 4. Nc3 exd5 5. cxd5 d6 6. e4 g6 7. f3 Bg7 8. Bg5
O-O 9. Qd2 a6 10. a4 Re8 11. h4 Nbd7 12. h5 Qa5 13. hxg6 fxg6 14. Nh3 b5 15.
Be2 Rb8 16. Nf2 c4 17. Ncd1 Qb6 18. axb5 axb5 19. g4 Nc5 20. Qf4 Rf8 21. Qh2
Rf7 22. Be3 Bh8 23. g5 Ne8 24. f4 Qc7 25. Qh6 Re7 26. f5 Nxe4 27. fxg6 Bf5 28.
Nxe4 Rxe4 29. gxh7+ Qxh7 30. Qxh7+ Bxh7 31. Ra7 Bg6 32. Bf3 Re5 33. Kd2 Bg7 34.
Rg1 Be4 35. Bxe4 Rxe4 36. Nc3 Rh4 1-0

[Event "Macskasy mem A"]
[Site "Vancouver CAN"]
[Date "2005.07.31"]
[Round "4.1"]
[White "Lee, Vicente jr."]
[Black "Ferguson, Jim"]
[Result "1/2-1/2"]
[WhiteElo "2305"]
[BlackElo "2127"]
[PlyCount "24"]
[EventDate "2005.07.30"]
[EventType "tourn"]
[EventRounds "5"]
[EventCountry "CAN"]

1. e4 e5 2. Nf3 Nc6 3. Bb5 a6 4. Ba4 Nf6 5. O-O Nxe4 6. Re1 Nc5 7. Bxc6 dxc6 8.
Nxe5 Be7 9. d4 Ne6 10. c3 O-O 11. f4 f6 12. Nf3 Bd6 1/2-1/2

[Event "University of Alberta op"]
[Site "Edmonton CAN"]
[Date "2005.05.07"]
[Round "1"]
[White "Duggan, Kyle"]
[Black "Lee, Vicente jr."]
[Result "0-1"]
[WhiteElo "1873"]
[BlackElo "2328"]
[PlyCount "66"]
[EventDate "2005.05.07"]
[EventType "swiss"]
[EventRounds "5"]
[EventCountry "CAN"]

1. e4 c5 2. Nf3 Nc6 3. Bc4 e6 4. Nc3 a6 5. a4 Nf6 6. e5 Ng4 7. d4 cxd4 8. Nxd4
Ngxe5 9. Be2 d5 10. O-O Be7 11. Bf4 Bf6 12. Nxc6 bxc6 13. b4 O-O 14. Re1 Ng6
15. Bd2 Qc7 16. Ra3 e5 17. Qc1 e4 18. Nd1 Be5 19. g3 f5 20. f4 exf3 21. Bxf3 f4
22. g4 Nh4 23. Nf2 Bd4 24. c4 Be3 25. Bxe3 Nxf3+ 26. Kg2 Nxe1+ 27. Qxe1 fxe3
28. Qxe3 Qf4 29. Qe2 Qxc4 30. Qxc4 dxc4 31. Rc3 Be6 32. Ne4 Bd5 33. Re3 Rae8
0-1

[Event "University of Alberta op"]
[Site "Edmonton CAN"]
[Date "2005.05.07"]
[Round "2"]
[White "Lee, Vicente jr."]
[Black "Fokkema, Jerred"]
[Result "1-0"]
[WhiteElo "2328"]
[BlackElo "1739"]
[PlyCount "43"]
[EventDate "2005.05.07"]
[EventType "swiss"]
[EventRounds "5"]
[EventCountry "CAN"]

1. e4 c5 2. Nf3 d6 3. d4 cxd4 4. Nxd4 Nf6 5. Nc3 a6 6. Bg5 e6 7. f4 Be7 8. Qf3
Nbd7 9. O-O-O Qc7 10. Bd3 h6 11. Bh4 b5 12. e5 Bb7 13. Qh3 dxe5 14. Nxe6 fxe6
15. Bg6+ Kd8 16. Qxe6 e4 17. Bxf6 Bxf6 18. Bf5 Bc6 19. Nd5 Bxd5 20. Rxd5 Qxf4+
21. Kb1 Kc7 22. Rxd7+ 1-0

[Event "University of Alberta op"]
[Site "Edmonton CAN"]
[Date "2005.05.07"]
[Round "3"]
[White "Tot, Nandor"]
[Black "Lee, Vicente jr."]
[Result "0-1"]
[WhiteElo "1921"]
[BlackElo "2328"]
[PlyCount "48"]
[EventDate "2005.05.07"]
[EventType "swiss"]
[EventRounds "5"]
[EventCountry "CAN"]

1. d4 d5 2. c4 e6 3. Nc3 Nf6 4. Nf3 c6 5. a4 Bb4 6. Qb3 a5 7. Bd2 dxc4 8. Qxc4
b6 9. Rd1 Ba6 10. Qb3 O-O 11. e3 Bxf1 12. Kxf1 Nbd7 13. Na2 Bxd2 14. Nxd2 Qc7
15. Rc1 e5 16. d5 Nc5 17. Qc2 cxd5 18. h4 Qd7 19. b3 Rac8 20. Qb1 e4 21. h5 Nd3
22. Rxc8 Rxc8 23. h6 Ng4 24. hxg7 Qf5 0-1

[Event "University of Alberta op"]
[Site "Edmonton CAN"]
[Date "2005.05.08"]
[Round "5"]
[White "Hughey, Micah"]
[Black "Lee, Vicente jr."]
[Result "1/2-1/2"]
[WhiteElo "2075"]
[BlackElo "2328"]
[PlyCount "56"]
[EventDate "2005.05.07"]
[EventType "swiss"]
[EventRounds "5"]
[EventCountry "CAN"]

1. e4 c5 2. Nf3 Nc6 3. c3 Nf6 4. e5 Nd5 5. d4 cxd4 6. Bc4 Nb6 7. Bb3 d5 8. exd6
e6 9. cxd4 Bxd6 10. O-O Be7 11. Nc3 O-O 12. a3 Nd5 13. Bxd5 exd5 14. Qb3 Bf6
15. Be3 Ne7 16. Bg5 Bxg5 17. Nxg5 b6 18. Rfe1 h6 19. Nf3 Be6 20. Rac1 a6 21.
Na4 Rb8 22. Ne5 Qd6 23. Rc3 f6 24. Nf3 Bd7 25. Rec1 Rfe8 26. Rc7 Nc6 27. Rxd7
Qxd7 28. Nxb6 Qe6 1/2-1/2

[Event "Alberta Closed Playoff"]
[Site "Edmonton CAN"]
[Date "2005.04.17"]
[Round "1"]
[White "Reeve, Jeff"]
[Black "Lee, Vicente jr."]
[Result "1-0"]
[WhiteElo "2356"]
[BlackElo "2335"]
[PlyCount "62"]
[EventDate "2005.04.17"]
[EventType "match"]
[EventRounds "2"]
[EventCountry "CAN"]
[WhiteTeam "Canada"]
[BlackTeam "Canada"]
[WhiteTeamCountry "CAN"]
[BlackTeamCountry "CAN"]

1. e4 c5 2. Nf3 Nc6 3. d4 cxd4 4. Nxd4 g6 5. Be2 Bg7 6. Nb3 Nf6 7. Nc3 O-O 8.
O-O d6 9. Bg5 a5 10. a4 Be6 11. Kh1 Rc8 12. f4 Nb4 13. Nd4 Bc4 14. Ndb5 Qb6 15.
f5 Qc5 16. Bd3 Bxb5 17. axb5 b6 18. Qe1 Qc7 19. Qh4 d5 20. Bf4 Qd8 21. e5 Nh5
22. Bg5 f6 23. exf6 exf6 24. Bd2 Nxd3 25. cxd3 Bh8 26. Rf3 Qd7 27. g4 Ng7 28.
fxg6 hxg6 29. Rh3 Kf7 30. Rf1 Ke8 31. Rxf6 Rxf6 1-0

[Event "Alberta Closed Playoff"]
[Site "Edmonton CAN"]
[Date "2005.04.17"]
[Round "2"]
[White "Lee, Vicente jr."]
[Black "Reeve, Jeff"]
[Result "1/2-1/2"]
[WhiteElo "2335"]
[BlackElo "2357"]
[PlyCount "128"]
[EventDate "2005.04.17"]
[EventType "match"]
[EventRounds "2"]
[EventCountry "CAN"]
[WhiteTeam "Canada"]
[BlackTeam "Canada"]
[WhiteTeamCountry "CAN"]
[BlackTeamCountry "CAN"]

1. d4 Nf6 2. Bg5 e6 3. e4 h6 4. Bxf6 Qxf6 5. e5 Qd8 6. f4 d6 7. Nf3 c5 8. dxc5
Qa5+ 9. Nc3 Qxc5 10. Qd2 d5 11. O-O-O Bd7 12. f5 Nc6 13. fxe6 fxe6 14. h4 O-O-O
15. Ne2 Qf2 16. Nf4 Qxd2+ 17. Rxd2 Bc5 18. Re2 g5 19. Nd3 Be7 20. g3 Rdf8 21.
Bg2 gxh4 22. gxh4 Rhg8 23. Nde1 Bc5 24. c3 Ne7 25. Bh3 Nf5 26. Bxf5 Rxf5 27.
Nd4 Bxd4 28. cxd4 Rg4 29. Nc2 Rf3 30. Rhh2 h5 31. Reg2 Rff4 32. Rxg4 Rxg4 33.
Kd2 Be8 34. Kc3 Rg3+ 35. Kd2 Rg4 36. b3 Bg6 37. Kc3 Bxc2 38. Rxc2 Rxh4 39. Rf2
a5 40. Rf8+ Kc7 41. Rf7+ Kc8 42. Re7 Rh3+ 43. Kd2 Rh2+ 44. Ke3 Rxa2 45. Rxe6
Rb2 46. Rd6 Rxb3+ 47. Kf4 Rb1 48. Rxd5 a4 49. e6 Re1 50. Kf5 a3 51. Ra5 Re3 52.
Kf6 Kc7 53. Ke7 h4 54. d5 Kb6 55. Ra8 h3 56. d6 h2 57. d7 Rd3 58. Rxa3 h1=Q 59.
Rxd3 Qh7+ 60. Ke8 Qg8+ 61. Ke7 Qh7+ 62. Kd8 Qg8+ 63. Ke7 Qh7+ 64. Ke8 Qg8+
1/2-1/2

[Event "Edmonton Spring Sectional A"]
[Site "Edmonton CAN"]
[Date "2005.04.01"]
[Round "1"]
[White "Lee, Vicente jr."]
[Black "Reeve, Jeff"]
[Result "1/2-1/2"]
[WhiteElo "2327"]
[BlackElo "2351"]
[PlyCount "66"]
[EventDate "2005.04.01"]
[EventType "tourn"]
[EventRounds "5"]
[EventCountry "CAN"]

1. e4 c5 2. Nf3 d6 3. d4 cxd4 4. Nxd4 Nf6 5. Nc3 g6 6. Be3 Bg7 7. Be2 O-O 8.
O-O Nc6 9. Kh1 d5 10. exd5 Nxd5 11. Nxd5 Nxd4 12. Bxd4 Qxd5 13. Bxg7 Qxd1 14.
Rfxd1 Kxg7 15. Bf3 Be6 16. b3 Rac8 17. c4 b6 18. Kg1 Rfd8 19. Kf1 Kf6 20. Ke2
Ke5 21. Rac1 Rd6 22. g3 Rcd8 23. Rxd6 exd6 24. Ke3 Kf6 25. Kd4 Ke7 26. b4 Kd7
27. Rc3 Rc8 28. Bd5 Bxd5 29. Kxd5 a5 30. c5 Rc6 31. a3 axb4 32. axb4 dxc5 33.
bxc5 bxc5 1/2-1/2

[Event "Edmonton Spring Sectional A"]
[Site "Edmonton CAN"]
[Date "2005.04.02"]
[Round "2.2"]
[White "Yoos, John"]
[Black "Lee, Vicente jr."]
[Result "1-0"]
[WhiteElo "2408"]
[BlackElo "2327"]
[PlyCount "109"]
[EventDate "2005.04.01"]
[EventType "tourn"]
[EventRounds "5"]
[EventCountry "CAN"]

1. e4 g6 2. d4 Bg7 3. Nc3 c6 4. h3 d5 5. e5 f6 6. f4 Nh6 7. Nf3 Nf5 8. Ne2 h5
9. g3 b6 10. Rg1 Kf7 11. Nc3 Nd7 12. g4 hxg4 13. hxg4 Nh4 14. Be3 b5 15. Nxh4
Rxh4 16. Qf3 Nb6 17. Bf2 Rh7 18. Bd3 Qh8 19. O-O-O Rh3 20. Rg3 Rh2 21. Bg1 Rh4
22. Re1 e6 23. f5 gxf5 24. gxf5 exf5 25. Bxf5 Bxf5 26. Qxf5 Qh7 27. Qf3 Re8 28.
b3 Re6 29. Be3 Bf8 30. Reg1 Rh2 31. Ne2 Nd7 32. Bd2 Ke8 33. Nf4 Ba3+ 34. Kb1
Re7 35. Qc3 fxe5 36. Rg8+ Kf7 37. R8g7+ Qxg7 38. Rxg7+ Kxg7 39. Qg3+ Kf7 40.
Qxh2 exf4 41. Qxf4+ Nf6 42. b4 Re2 43. Qc7+ Kg6 44. Qg3+ Kf7 45. Qxa3 Rxd2 46.
Qxa7+ Ke6 47. Qc7 Rxd4 48. Qxc6+ Ke5 49. Qxb5 Ne4 50. Qe8+ Kf4 51. Qf8+ Ke3 52.
Kb2 Nd2 53. b5 Ra4 54. b6 Nc4+ 55. Ka1 1-0

[Event "Edmonton Spring Sectional A"]
[Site "Edmonton CAN"]
[Date "2005.04.02"]
[Round "3"]
[White "Lee, Vicente jr."]
[Black "Huber, Greg"]
[Result "1-0"]
[WhiteElo "2327"]
[BlackElo "2314"]
[PlyCount "71"]
[EventDate "2005.04.01"]
[EventType "tourn"]
[EventRounds "5"]
[EventCountry "CAN"]

1. e4 c5 2. Nf3 d6 3. d4 cxd4 4. Nxd4 Nf6 5. Nc3 a6 6. Bg5 e6 7. f4 b5 8. Qf3
Bb7 9. a3 Nbd7 10. f5 e5 11. Nde2 Be7 12. h4 Rc8 13. Bxf6 Nxf6 14. g4 Rc4 15.
Ng3 Rxc3 16. bxc3 d5 17. Bd3 dxe4 18. Nxe4 Nxe4 19. Bxe4 Bxe4 20. Qxe4 O-O 21.
g5 Qc8 22. Rh3 f6 23. O-O-O fxg5 24. hxg5 Bxg5+ 25. Kb2 Rxf5 26. Qg4 Qf8 27.
Rd7 h6 28. Rhd3 Rf1 29. Rd1 Qf5 30. Qg2 Rf3 31. Ra7 Qf4 32. Rdd7 Kh8 33. Rxg7
e4 34. Rgc7 Qf8 35. Qg4 Rf6 36. Qxe4 1-0

[Event "Edmonton Spring Sectional A"]
[Site "Edmonton CAN"]
[Date "2005.04.03"]
[Round "4"]
[White "Neven, Knut"]
[Black "Lee, Vicente jr."]
[Result "1/2-1/2"]
[WhiteElo "2238"]
[BlackElo "2327"]
[PlyCount "60"]
[EventDate "2005.04.01"]
[EventType "tourn"]
[EventRounds "5"]
[EventCountry "CAN"]

1. d4 c5 2. d5 g6 3. Nf3 Bg7 4. g3 Nf6 5. Bg2 O-O 6. O-O e6 7. c4 exd5 8. cxd5
d6 9. Nc3 Nbd7 10. Nd2 a6 11. a4 Rb8 12. Nc4 Qc7 13. Bf4 Ne8 14. a5 b5 15. axb6
Nxb6 16. Na5 Nf6 17. Qd2 Re8 18. e4 Bd7 19. Rfc1 Ng4 20. h3 Ne5 21. b3 Bb5 22.
Bxe5 Bxe5 23. Nxb5 axb5 24. Rab1 Ra8 25. Nc6 Bg7 26. f3 h5 27. h4 Kh7 28. Rc2
Qb7 29. Bf1 Nd7 30. Qd3 b4 1/2-1/2

[Event "Edmonton Spring Sectional A"]
[Site "Edmonton CAN"]
[Date "2005.04.03"]
[Round "5"]
[White "Lee, Vicente jr."]
[Black "Sasata, Robert"]
[Result "1-0"]
[WhiteElo "2327"]
[BlackElo "2313"]
[PlyCount "91"]
[EventDate "2005.04.01"]
[EventType "tourn"]
[EventRounds "5"]
[EventCountry "CAN"]

1. e4 c5 2. Nf3 d6 3. d4 cxd4 4. Nxd4 Nf6 5. Nc3 g6 6. Be3 Bg7 7. f3 Nc6 8. Bc4
O-O 9. Qd2 Bd7 10. O-O-O Rc8 11. Bb3 Ne5 12. Bh6 Bxh6 13. Qxh6 Rxc3 14. bxc3
Qc7 15. h4 Qxc3 16. Ne2 Nd3+ 17. Rxd3 Qa1+ 18. Kd2 Qxh1 19. Qg5 Bc6 20. Re3 Qa1
21. Nc3 Qg1 22. Ne2 Qf2 23. Kd1 Qf1+ 24. Kd2 Kg7 25. Nd4 Qf2+ 26. Kc3 Bd7 27.
Re2 Rc8+ 28. Kd3 Qf1 29. e5 Qd1+ 30. Rd2 Qf1+ 31. Re2 dxe5 32. Qxe5 Rd8 33. c3
Bf5+ 34. Kd2 h5 35. Bxf7 Qb1 36. Re3 Qc2+ 37. Ke1 Qxg2 38. Bc4 Rd7 39. Bb5 Qh1+
40. Kd2 Rxd4+ 41. cxd4 e6 42. d5 Qg2+ 43. Ke1 Qh1+ 44. Kd2 Qg2+ 45. Re2 Qxf3
46. dxe6 1-0